书目信息 |
| 题名: |
最新雅思考试胜策
|
|
| 作者: | 黄若妤 编著 | |
| 分册: | ||
| 出版信息: | 北京 高等教育出版社 2004.02 |
|
| 页数: | 182页 | |
| 开本: | 30cm | |
| 丛书名: | ||
| 单 册: | ||
| 中图分类: | H310.41 | |
| 科图分类: | ||
| 主题词: | 英语 | |
| 电子资源: | ||
| ISBN: | 7-04-013934-0 | |
| 000 | 00561nam0 2200205 450 | |
| 001 | 0554432724 | |
| 005 | 20050330150822.29 | |
| 010 | @a7-04-013934-0@dCNY 28.00 | |
| 100 | @a20050330d2004 km y0chiy0120 ea | |
| 101 | 0 | @achi |
| 102 | @aCN@b110000 | |
| 200 | 1 | @a最新雅思考试胜策@e听力@f黄若妤编著@Fhuang ruo yu bian zhu |
| 210 | @a北京@c高等教育出版社@d2004.02 | |
| 215 | @a182页@d30cm | |
| 517 | 1 | @a听力@Ating li |
| 606 | 0 | @a英语 |
| 690 | @aH310.41@v3 | |
| 701 | 0 | @a黄若妤@Ahuang ruo yu@4编著 |
| 801 | 0 | @aCN@bPFT@c20050330 |
| 905 | @a10447@dH310.41@eH8701 | |
| 最新雅思考试胜策:听力/黄若妤编著.-北京:高等教育出版社,2004.02 |
| 182页;30cm |
| ISBN 7-04-013934-0:CNY 28.00 |
| ● |
| 相关链接 |
|
|
|
正题名:最新雅思考试胜策
索取号:H310.41/H8701
 
预约/预借
| 序号 | 登录号 | 条形码 | 馆藏地/架位号 | 状态 | 备注 |
| 1 | 439921 | 204399212 | 语言库209/ [索取号:H310.41/H8701] | 在馆 | |
| 2 | 439922 | 204399221 | 语言库209/209语言库 95排3列1层/ [索取号:H310.41/H8701] | 在馆 | |
| 3 | 439923 | 204399230 | 语言库209/209语言库 95排3列1层/ [索取号:H310.41/H8701] | 在馆 |